[Event "Charlesbourg Millenium"]
[Site "Charlesbourg CAN"]
[Date "2013.10.07"]
[Round "1"]
[White "Robitaille, Serge"]
[Black "Beaudoin, Stephane"]
[Result "1/2-1/2"]
[WhiteElo "1711"]
[BlackElo "2036"]
[PlyCount "92"]
[GameId "2160767909229303"]
[EventDate "2013.10.07"]
[EventType "swiss"]
[EventRounds "5"]
[EventCountry "CAN"]
[SourceTitle "EXT 2022"]
[Source "ChessBase"]
[SourceDate "2021.10.06"]
[SourceVersion "1"]
[SourceVersionDate "2021.10.06"]
[SourceQuality "1"]

1. e4 g6 2. d4 Bg7 3. Nf3 d6 4. Be2 Nf6 5. Nc3 O-O 6. O-O a6 7. h3 b5 8. a3 Nc6 9. Be3 Na5 10. Nd2 e5 11. d5 Nd7 12. b4 Nb7 13. a4 bxa4 14. Rxa4 f5 15. f3 f4 16. Bf2 Qg5 17. Kh2 Nf6 18. Rg1 a5 19. Nb3 Bd7 20. Bb5 axb4 21. Rxa8 Rxa8 22. Bxd7 Nxd7 23. Nb5 Qd8 24. Na7 Ndc5 25. Nc6 Qg5 26. Nxb4 Ra4 27. Nc6 Ra2 28. Qb1 Ra8 29. Nxc5 Nxc5 30. Bxc5 dxc5 31. Qb7 Ra3 32. Qc8+ Bf8 33. Qe6+ Kg7 34. Nxe5 Qe7 35. Qxe7+ Bxe7 36. Nc6 Bh4 37. e5 Ra2 38. Rc1 Ra3 39. Kg1 Kf8 40. c3 Ra2 41. Kf1 Rf2+ 42. Kg1 Rd2 43. c4 Ke8 44. e6 Kf8 45. Kf1 Rf2+ 46. Kg1 Rd2 1/2-1/2

[Event "Charlesbourg Millenium"]
[Site "Charlesbourg CAN"]
[Date "2013.10.07"]
[Round "1"]
[White "Tremblay-Alix, Eric"]
[Black "Duchesneau, Alain"]
[Result "0-1"]
[WhiteElo "1872"]
[BlackElo "1547"]
[PlyCount "46"]
[GameId "2160767909229304"]
[EventDate "2013.10.07"]
[EventType "swiss"]
[EventRounds "5"]
[EventCountry "CAN"]
[SourceTitle "EXT 2022"]
[Source "ChessBase"]
[SourceDate "2021.10.06"]
[SourceVersion "1"]
[SourceVersionDate "2021.10.06"]
[SourceQuality "1"]

1. c4 Nf6 2. Nc3 g6 3. e4 d6 4. d4 Bg7 5. f4 c5 6. dxc5 Qa5 7. Bd3 Qxc5 8. Qe2 O-O 9. Be3 Qa5 10. Bd2 Qh5 11. O-O-O Bg4 12. Nf3 Nc6 13. Qf2 e6 14. h3 Bxf3 15. gxf3 a6 16. Rdg1 Qa5 17. a3 Rfb8 18. Nd5 Qd8 19. Nb6 Nd7 20. Be3 Nc5 21. Bxc5 dxc5 22. Nxa8 Qxd3 23. Nb6 Nd4 0-1

[Event "Charlesbourg Millenium"]
[Site "Charlesbourg CAN"]
[Date "2013.10.14"]
[Round "2"]
[White "Beaudoin, Stephane"]
[Black "Servant, Michel"]
[Result "0-1"]
[WhiteElo "2043"]
[BlackElo "1675"]
[PlyCount "79"]
[GameId "2160767909229305"]
[EventDate "2013.10.07"]
[EventType "swiss"]
[EventRounds "5"]
[EventCountry "CAN"]
[SourceTitle "EXT 2022"]
[Source "ChessBase"]
[SourceDate "2021.10.06"]
[SourceVersion "1"]
[SourceVersionDate "2021.10.06"]
[SourceQuality "1"]

1. e4 c5 2. Nf3 a6 3. d4 cxd4 4. Nxd4 e6 5. Bd3 Qc7 6. O-O b5 7. a4 Nc6 8. Nxc6 dxc6 9. axb5 Bd6 10. f4 Qb6+ 11. Kh1 cxb5 12. Nc3 Bb7 13. Qe2 Ne7 14. Bd2 O-O 15. e5 Bb4 16. Be3 Qc7 17. Ne4 Nf5 18. Rf3 Bxe4 19. Bxe4 Rad8 20. Bxf5 exf5 21. Qf2 Rd5 22. h3 Rfd8 23. c3 Rd1+ 24. Rxd1 Rxd1+ 25. Kh2 Be7 26. Qc2 Qd7 27. Bd4 Ra1 28. Rd3 Qe6 29. Bf2 Ra2 30. Qd2 h6 31. Qe2 Qc4 32. Qf3 Rxb2 33. Rd7 Qe6 34. Ra7 Ra2 35. Bd4 Bh4 36. Rc7 Qg6 37. Rc6 Bg3+ 38. Kh1 Ra1+ 39. Bg1 Rf1 40. Rc8+ 0-1

[Event "Charlesbourg Millenium"]
[Site "Charlesbourg CAN"]
[Date "2013.10.14"]
[Round "2"]
[White "Gaudreau, Eric"]
[Black "Tremblay-Alix, Eric"]
[Result "1/2-1/2"]
[WhiteElo "1708"]
[BlackElo "1872"]
[PlyCount "95"]
[GameId "2160767909229306"]
[EventDate "2013.10.07"]
[EventType "swiss"]
[EventRounds "5"]
[EventCountry "CAN"]
[SourceTitle "EXT 2022"]
[Source "ChessBase"]
[SourceDate "2021.10.06"]
[SourceVersion "1"]
[SourceVersionDate "2021.10.06"]
[SourceQuality "1"]

1. d4 e6 2. c4 c5 3. d5 exd5 4. cxd5 Nf6 5. Nc3 d6 6. e4 g6 7. f3 Bg7 8. Nge2 O-O 9. Ng3 a6 10. a4 b6 11. Be2 Ne8 12. Be3 Qe7 13. Qd2 Nc7 14. O-O Nd7 15. f4 Re8 16. e5 Bb7 17. Nge4 Nxe5 18. fxe5 Bxe5 19. Rf3 f5 20. Ng5 Bxc3 21. Qxc3 Nxd5 22. Bc4 Qe5 23. Rd1 Kg7 24. Bxd5 Qxc3 25. bxc3 Bxd5 26. Rxd5 h6 27. Nh3 Re6 28. Nf4 Rf6 29. Ne2 Re8 30. Kf2 b5 31. axb5 axb5 32. Bd2 Rc8 33. Rfd3 Rc6 34. Rh3 g5 35. Rf3 f4 36. g3 fxg3+ 37. Nxg3 Rxf3+ 38. Kxf3 Kf6 39. Ke4 Ra6 40. Rf5+ Ke6 41. Kd3 Ra3 42. Ke2 b4 43. cxb4 cxb4 44. Bxb4 Rxg3 45. hxg3 Kxf5 46. Kf3 d5 47. Bc3 h5 48. Bd4 1/2-1/2

[Event "Charlesbourg Millenium"]
[Site "Charlesbourg CAN"]
[Date "2013.10.14"]
[Round "2"]
[White "Plante, Rejean"]
[Black "Drolet, Stephane"]
[Result "0-1"]
[WhiteElo "2010"]
[BlackElo "2131"]
[PlyCount "76"]
[GameId "2160767909229307"]
[EventDate "2013.10.07"]
[EventType "swiss"]
[EventRounds "5"]
[EventCountry "CAN"]
[SourceTitle "EXT 2022"]
[Source "ChessBase"]
[SourceDate "2021.10.06"]
[SourceVersion "1"]
[SourceVersionDate "2021.10.06"]
[SourceQuality "1"]

1. c4 Nf6 2. Nc3 e5 3. g3 Bb4 4. Bg2 O-O 5. a3 Bxc3 6. bxc3 Nc6 7. e4 d6 8. d3 Bd7 9. Nf3 b6 10. Nh4 h6 11. Nf5 Ne7 12. Qf3 Nxf5 13. exf5 e4 14. dxe4 Bc6 15. Qf4 Bxe4 16. Bxe4 Nxe4 17. O-O Re8 18. Be3 Qd7 19. Rfe1 Qc6 20. h4 Nf6 21. Bd4 Qxc4 22. Qd2 Qd5 23. Qf4 Re4 24. Rxe4 Qxe4 25. Qxe4 Nxe4 26. Re1 Re8 27. Rd1 d5 28. Rd3 h5 29. Be3 c6 30. Kg2 Nd6 31. f6 gxf6 32. Bd4 Re6 33. a4 Nc4 34. Rf3 Kg7 35. Rf5 Kg6 36. Rf4 f5 37. Rf3 c5 38. Be3 Nxe3+ 0-1

[Event "Charlesbourg Millenium"]
[Site "Charlesbourg CAN"]
[Date "2013.10.14"]
[Round "2"]
[White "Tremblay, Rejean"]
[Black "Fecteau, Martin"]
[Result "1/2-1/2"]
[WhiteElo "2087"]
[BlackElo "1911"]
[PlyCount "121"]
[GameId "2160767909229308"]
[EventDate "2013.10.07"]
[EventType "swiss"]
[EventRounds "5"]
[EventCountry "CAN"]
[SourceTitle "EXT 2022"]
[Source "ChessBase"]
[SourceDate "2021.10.06"]
[SourceVersion "1"]
[SourceVersionDate "2021.10.06"]
[SourceQuality "1"]

1. e4 e5 2. Nf3 Nc6 3. Bb5 Nf6 4. d3 d6 5. c4 Be7 6. Nc3 O-O 7. O-O Bg4 8. Bxc6 bxc6 9. h3 Bxf3 10. Qxf3 Nd7 11. Be3 Bg5 12. b3 Nc5 13. Bxc5 dxc5 14. Na4 Qd4 15. Rad1 Rad8 16. g3 Rd6 17. h4 Bh6 18. Kg2 Rfd8 19. Qe2 g6 20. h5 R6d7 21. Rh1 Bf8 22. Rh3 g5 23. h6 Rd6 24. Rh5 Rg6 25. Qg4 Be7 26. Rd2 Rf8 27. Qf5 Rd8 28. Rh2 Bf8 29. Rd1 Qd6 30. Nb2 Qd4 31. Na4 Qd6 32. Rh5 Be7 33. Re1 Kh8 34. Nb2 Rf6 35. Qg4 Rg8 36. Reh1 Qd4 37. Qe2 Rd6 38. g4 Rgg6 39. R1h3 Bf8 40. Rf3 Kg8 41. Rfh3 Kh8 42. Na4 Rdf6 43. Rf3 Rf4 44. Rxf4 gxf4 45. Qb2 f6 46. Qxd4 cxd4 47. f3 Kg8 48. Kf2 Kf7 49. Rh1 Ke6 50. Rc1 Rxh6 51. Kg2 Ba3 52. Rb1 a5 53. Kg1 Rh3 54. Kg2 Rh4 55. Rf1 h5 56. gxh5 Rxh5 57. Rd1 f5 58. exf5+ Kxf5 59. Rf1 Rg5+ 60. Kf2 Rh5 61. Kg2 1/2-1/2

[Event "Charlesbourg Millenium"]
[Site "Charlesbourg CAN"]
[Date "2013.10.07"]
[Round "3"]
[White "Pouliot, Lewis"]
[Black "Gaudreau, Eric"]
[Result "1-0"]
[WhiteElo "1515"]
[BlackElo "1708"]
[PlyCount "68"]
[GameId "2160767909229309"]
[EventDate "2013.10.07"]
[EventType "swiss"]
[EventRounds "5"]
[EventCountry "CAN"]
[SourceTitle "EXT 2022"]
[Source "ChessBase"]
[SourceDate "2021.10.06"]
[SourceVersion "1"]
[SourceVersionDate "2021.10.06"]
[SourceQuality "1"]

1. c4 c5 2. g3 Nf6 3. Nc3 d5 4. cxd5 Nxd5 5. Bg2 Nc7 6. e3 e5 7. Nge2 Nc6 8. O-O Be7 9. f4 O-O 10. fxe5 Nxe5 11. d4 cxd4 12. exd4 Nc6 13. Be3 Bg4 14. Qd2 Bxe2 15. Nxe2 Nd5 16. a3 Nxe3 17. Qxe3 Bf6 18. Rad1 Qb6 19. Bxc6 Qxc6 20. Rc1 Qd6 21. Rfd1 Rfe8 22. Qd2 h6 23. Rc2 Rac8 24. Rxc8 Rxc8 25. Nc3 Rd8 26. Ne2 a6 27. b4 Qd5 28. Qd3 b5 29. Kf2 Re8 30. Nf4 Qc4 31. d5 Qxd3 32. Rxd3 Rd8 33. Ke3 Re8+ 34. Kf3 Kf8 1-0

[Event "Charlesbourg Millenium"]
[Site "Charlesbourg CAN"]
[Date "2013.10.21"]
[Round "3"]
[White "Drolet, Stephane"]
[Black "Laflamme, Simon"]
[Result "1-0"]
[WhiteElo "2131"]
[BlackElo "2053"]
[PlyCount "91"]
[GameId "2160767909229310"]
[EventDate "2013.10.07"]
[EventType "swiss"]
[EventRounds "5"]
[EventCountry "CAN"]
[SourceTitle "EXT 2022"]
[Source "ChessBase"]
[SourceDate "2021.10.06"]
[SourceVersion "1"]
[SourceVersionDate "2021.10.06"]
[SourceQuality "1"]

1. d4 d5 2. Nf3 Nf6 3. c4 dxc4 4. e3 e6 5. Bxc4 Nbd7 6. Nc3 c5 7. O-O a6 8. a4 cxd4 9. exd4 Nb6 10. Bd3 Bd7 11. Ne5 Rc8 12. Qf3 Bd6 13. a5 Rxc3 14. bxc3 Nbd5 15. Bd2 Qc7 16. c4 Ne7 17. Bf4 Nc6 18. Nxc6 Bxf4 19. Ne5 Bxe5 20. dxe5 Bc6 21. Qg3 Nd7 22. Rfe1 O-O 23. f4 Rd8 24. Qe3 Nf8 25. Red1 Ng6 26. Bxg6 hxg6 27. Qc5 Rd7 28. Rd6 Be4 29. Qd4 Bc6 30. Rxd7 Qxd7 31. Qd6 Qxd6 32. exd6 Kf8 33. Kf2 Ke8 34. g4 Kd7 35. Rd1 Ba4 36. Rd3 Bc2 37. Rd4 Ba4 38. Ke3 Bc6 39. Kd2 Bf3 40. g5 Bc6 41. Kc3 Bg2 42. Kb4 Bc6 43. Kc5 Bg2 44. Rd3 Bc6 45. Rh3 Ke8 46. Rh7 1-0

[Event "Charlesbourg Millenium"]
[Site "Charlesbourg CAN"]
[Date "2013.10.21"]
[Round "3"]
[White "Lamontagne, Danny"]
[Black "Tremblay, Rejean"]
[Result "0-1"]
[WhiteElo "2024"]
[BlackElo "2087"]
[PlyCount "104"]
[GameId "2160767909229311"]
[EventDate "2013.10.07"]
[EventType "swiss"]
[EventRounds "5"]
[EventCountry "CAN"]
[SourceTitle "EXT 2022"]
[Source "ChessBase"]
[SourceDate "2021.10.06"]
[SourceVersion "1"]
[SourceVersionDate "2021.10.06"]
[SourceQuality "1"]

1. e4 e6 2. d4 d5 3. Nc3 Bb4 4. e5 Qd7 5. f4 b6 6. a3 Bxc3+ 7. bxc3 Ba6 8. Bxa6 Nxa6 9. Qd3 Nb8 10. Nf3 Nc6 11. O-O Nge7 12. a4 h5 13. Nh4 g6 14. Qb5 Na5 15. Qd3 Nc4 16. Nf3 a5 17. Nd2 Qc6 18. Qf3 O-O-O 19. Kh1 Kb7 20. Nxc4 dxc4 21. Qxc6+ Kxc6 22. Bd2 Nd5 23. Rab1 Kb7 24. Rfd1 c6 25. Kg1 Ka6 26. Rb2 Rb8 27. Ra1 Rb7 28. Kf2 Ra8 29. Rba2 Rba7 30. h3 Kb7 31. Rb1 Ra6 32. g3 Nc7 33. Kf3 Rd8 34. Ke2 b5 35. Ke3 Kb6 36. Ke4 Raa8 37. Be3 Nd5 38. Bd2 Rdb8 39. Rab2 Ka6 40. Be1 Rb6 41. Kf3 bxa4 42. Rxb6+ Nxb6 43. Ra1 Rd8 44. Ke2 Rd5 45. Bd2 Rb5 46. Bc1 Nd5 47. Kd2 h4 48. gxh4 Rb8 49. Rxa4 Kb5 50. Ra1 Rh8 51. Rb1+ Ka6 52. Rb8 Rxb8 0-1

[Event "Charlesbourg Millenium"]
[Site "Charlesbourg CAN"]
[Date "2013.10.28"]
[Round "4"]
[White "Plante, Rejean"]
[Black "Lapierre, Gaetan"]
[Result "1-0"]
[WhiteElo "2007"]
[BlackElo "1929"]
[PlyCount "105"]
[GameId "2160767909229312"]
[EventDate "2013.10.07"]
[EventType "swiss"]
[EventRounds "5"]
[EventCountry "CAN"]
[SourceTitle "EXT 2022"]
[Source "ChessBase"]
[SourceDate "2021.10.06"]
[SourceVersion "1"]
[SourceVersionDate "2021.10.06"]
[SourceQuality "1"]

1. d4 Nf6 2. c4 d6 3. Nc3 c5 4. d5 g6 5. e4 Bg7 6. Bd3 O-O 7. h3 a6 8. Nf3 b5 9. cxb5 axb5 10. Nxb5 Ba6 11. Nc3 Nbd7 12. O-O Nb6 13. Re1 Bb7 14. Bg5 Nfd7 15. a4 Ne5 16. Nxe5 Bxe5 17. Bb5 Ba6 18. Bh6 Bg7 19. Bxg7 Kxg7 20. Bxa6 Rxa6 21. Qe2 Qa8 22. b3 Nd7 23. f4 Rb6 24. Nb5 Rfb8 25. Rad1 f6 26. h4 R6b7 27. Rd3 c4 28. bxc4 Qxa4 29. Rc3 Qb4 30. Qd3 Qc5+ 31. Kh2 Qf2 32. Qg3 Qd2 33. Rec1 Nc5 34. Qe3 Qa2 35. e5 fxe5 36. fxe5 Rf8 37. exd6 exd6 38. Nxd6 Rb2 39. Qe5+ Kg8 40. Rg3 Re2 41. Qa1 Qd2 42. Rf1 Rxf1 43. Qxf1 Rf2 44. Qa1 Qf4 45. Qe1 Rf1 46. Qe8+ Kg7 47. Qe7+ Kg8 48. Ne8 Qd4 49. Re3 Rf4 50. g3 Rf7 51. Qe5 Qd2+ 52. Re2 Rf2+ 53. Kh3 1-0

[Event "Charlesbourg Millenium"]
[Site "Charlesbourg CAN"]
[Date "2013.10.28"]
[Round "4"]
[White "Tremblay, Rejean"]
[Black "Drolet, Stephane"]
[Result "1-0"]
[WhiteElo "2087"]
[BlackElo "2131"]
[PlyCount "110"]
[GameId "2160767909229313"]
[EventDate "2013.10.07"]
[EventType "swiss"]
[EventRounds "5"]
[EventCountry "CAN"]
[SourceTitle "EXT 2022"]
[Source "ChessBase"]
[SourceDate "2021.10.06"]
[SourceVersion "1"]
[SourceVersionDate "2021.10.06"]
[SourceQuality "1"]

1. e4 c5 2. Nf3 e6 3. d4 cxd4 4. Nxd4 Nf6 5. Nc3 Nc6 6. Nxc6 bxc6 7. e5 Nd5 8. Ne4 Qc7 9. f4 Qa5+ 10. c3 f5 11. exf6 Nxf6 12. Nxf6+ gxf6 13. Be3 Bg7 14. Bd3 O-O 15. O-O f5 16. Rf3 Rf6 17. Rh3 Bb7 18. Qf3 Rg6 19. Bf1 Qc7 20. Rd1 c5 21. Qf2 d6 22. Rg3 a5 23. Rxg6 hxg6 24. Bc4 Kf7 25. Re1 Be4 26. Bf1 a4 27. Rd1 Rb8 28. a3 Rh8 29. Bd3 Bd5 30. Bc2 Qc6 31. Bc1 Bc4 32. h3 Bf6 33. Be3 Rb8 34. Bd3 Bb3 35. Rd2 Be7 36. Qe1 e5 37. fxe5 dxe5 38. Qf1 Qe6 39. g4 e4 40. Be2 Rg8 41. c4 Rd8 42. gxf5 gxf5 43. Bh5+ Kg7 44. Rxd8 Bxd8 45. Bxc5 Bxc4 46. Qf4 Bb6 47. Qg5+ Kh7 48. Bxb6 Qxb6+ 49. Kh1 Qe6 50. Bd1 Bb5 51. h4 Bc6 52. Bc2 Qg6 53. Qe7+ Kh6 54. Kh2 Be8 55. Qe5 Kh7 1-0

[Event "Charlesbourg Millenium"]
[Site "Charlesbourg CAN"]
[Date "2013.10.28"]
[Round "4"]
[White "Tremblay-Alix, Eric"]
[Black "Robitaille, Serge"]
[Result "1-0"]
[WhiteElo "1872"]
[BlackElo "1711"]
[PlyCount "103"]
[GameId "2160767909229314"]
[EventDate "2013.10.07"]
[EventType "swiss"]
[EventRounds "5"]
[EventCountry "CAN"]
[SourceTitle "EXT 2022"]
[Source "ChessBase"]
[SourceDate "2021.10.06"]
[SourceVersion "1"]
[SourceVersionDate "2021.10.06"]
[SourceQuality "1"]

1. c4 g6 2. e4 Bg7 3. d4 d6 4. Nf3 Nf6 5. Nc3 O-O 6. Be2 Nc6 7. O-O h6 8. h3 Nd7 9. Be3 e5 10. d5 Ne7 11. Qd2 Kh7 12. Nh2 f5 13. f4 exf4 14. Bxf4 Nc5 15. exf5 Bxf5 16. Rae1 Ng8 17. b4 Ne4 18. Nxe4 Bxe4 19. Bd1 Bf5 20. g4 Bd7 21. Bc2 Qf6 22. Bxh6 Bxh6 23. Qd3 Qg7 24. Nf3 Rae8 25. Nh4 Rxe1 26. Rxe1 Rf6 27. Nf3 Bf4 28. Qd4 b6 29. Re4 Qh6 30. Kg2 Bc8 31. Re7+ Nxe7 32. Qxf6 Ng8 33. Qf7+ Kh8 34. Qxc7 Qf8 35. Bxg6 Qe7 36. Qxe7 Nxe7 37. Bd3 Kg7 38. Nd4 Kf6 39. Kf3 Be5 40. Ke4 Bxd4 41. Kxd4 Kg5 42. c5 bxc5+ 43. bxc5 dxc5+ 44. Kxc5 Nxd5 45. Kxd5 Bb7+ 46. Kc5 Bg2 47. Kb5 Bxh3 48. Be2 Bg2 49. Ka6 Kf6 50. Kxa7 Bd5 51. a4 Ke7 52. Kb8 1-0

[Event "Charlesbourg Millenium"]
[Site "Charlesbourg CAN"]
[Date "2013.11.04"]
[Round "5"]
[White "Drolet, Stephane"]
[Black "Fecteau, Martin"]
[Result "1-0"]
[WhiteElo "2131"]
[BlackElo "1911"]
[PlyCount "127"]
[GameId "2160767909229315"]
[EventDate "2013.10.07"]
[EventType "swiss"]
[EventRounds "5"]
[EventCountry "CAN"]
[SourceTitle "EXT 2022"]
[Source "ChessBase"]
[SourceDate "2021.10.06"]
[SourceVersion "1"]
[SourceVersionDate "2021.10.06"]
[SourceQuality "1"]

1. d4 d5 2. Nf3 Nf6 3. c4 c6 4. Nc3 e6 5. Bg5 Nbd7 6. e3 Qa5 7. Nd2 Bd6 8. f4 O-O 9. c5 Be7 10. Rb1 Qd8 11. b4 h6 12. Bxf6 Bxf6 13. Bd3 Be7 14. O-O f5 15. Nf3 Nf6 16. Ne5 Qe8 17. h3 Nd7 18. Nf3 Bf6 19. Qe1 g6 20. g4 Bg7 21. Qg3 Kh7 22. Ne2 Nf6 23. g5 Ne4 24. Bxe4 dxe4 25. Ne5 h5 26. a4 Bd7 27. Nc4 Qe7 28. Rfd1 Rfb8 29. a5 Be8 30. Nc3 Rd8 31. a6 bxa6 32. Ra1 Qb7 33. Rdb1 Bf8 34. Qg2 Bd7 35. Qa2 Bc8 36. Qa4 Qc7 37. Na5 Bd7 38. Qa2 Re8 39. Na4 Rad8 40. Nb2 Bc8 41. Nbc4 Bd7 42. Ne5 Bg7 43. Nxd7 Qxd7 44. Rd1 Rb8 45. Qa4 Rb5 46. Nc4 Reb8 47. Rab1 a5 48. Nxa5 Bf8 49. Nc4 Qb7 50. Na5 Qd7 51. Rdc1 Bg7 52. Rc4 Qc7 53. Ra1 Qd7 54. Nb3 R8b7 55. Nd2 Qd5 56. Qa2 Rxb4 57. Rxb4 Rxb4 58. Qxd5 exd5 59. Rxa7 Rb2 60. Nf1 Rb8 61. Rc7 Kg8 62. Rxc6 Kf7 63. Rc7+ Kf8 64. Rd7 1-0

[Event "Charlesbourg Millenium"]
[Site "Charlesbourg CAN"]
[Date "2013.11.04"]
[Round "5"]
[White "Plante, Rejean"]
[Black "Tremblay, Rejean"]
[Result "0-1"]
[WhiteElo "2010"]
[BlackElo "2087"]
[PlyCount "66"]
[GameId "2160767909229316"]
[EventDate "2013.10.07"]
[EventType "swiss"]
[EventRounds "5"]
[EventCountry "CAN"]
[SourceTitle "EXT 2022"]
[Source "ChessBase"]
[SourceDate "2021.10.06"]
[SourceVersion "1"]
[SourceVersionDate "2021.10.06"]
[SourceQuality "1"]

1. d4 Nf6 2. c4 g6 3. g3 Bg7 4. Bg2 O-O 5. Nf3 d6 6. O-O Nbd7 7. Nc3 e5 8. h3 c6 9. e4 Qb6 10. dxe5 dxe5 11. Qe2 Re8 12. Be3 Qc7 13. Rac1 Bf8 14. Rfd1 a5 15. a3 a4 16. Qc2 Qa5 17. Nd2 Nc5 18. Na2 Be6 19. Nb4 h6 20. Qc3 Nfd7 21. Nd3 Qxc3 22. Rxc3 Nxd3 23. Rxd3 Nc5 24. Rc3 Red8 25. Rb1 Rd7 26. Kf1 Rad8 27. Ke2 f5 28. Nf1 g5 29. f3 f4 30. Bf2 Nd3 31. Bb6 fxg3 32. Bxd8 Nf4+ 33. Ke1 Nxg2+ 0-1

[Event "Charlesbourg Millenium"]
[Site "Charlesbourg CAN"]
[Date "2013.11.04"]
[Round "5"]
[White "Tremblay-Alix, Eric"]
[Black "Beaudoin, Stephane"]
[Result "0-1"]
[WhiteElo "1872"]
[BlackElo "2043"]
[PlyCount "82"]
[GameId "2160767909229317"]
[EventDate "2013.10.07"]
[EventType "swiss"]
[EventRounds "5"]
[EventCountry "CAN"]
[SourceTitle "EXT 2022"]
[Source "ChessBase"]
[SourceDate "2021.10.06"]
[SourceVersion "1"]
[SourceVersionDate "2021.10.06"]
[SourceQuality "1"]

1. e4 g6 2. Nf3 Bg7 3. d4 d6 4. Bc4 Nf6 5. Nc3 O-O 6. O-O Nxe4 7. Nxe4 d5 8. Bd3 dxe4 9. Bxe4 Nc6 10. d5 Nb4 11. a3 Na6 12. c4 Nc5 13. Bc2 b6 14. Rb1 Nb7 15. Nd4 e6 16. Re1 Na5 17. b4 Nxc4 18. Nc6 Qd6 19. Re4 Kh8 20. Rxc4 exd5 21. Bf4 Qd7 22. Nb8 Rxb8 23. Rxc7 Qe6 24. Rxa7 Rb7 25. Rxb7 Bxb7 26. Bb3 Qe4 27. Bg3 d4 28. f3 Qf5 29. Bc2 Qe6 30. Qd3 Rc8 31. Re1 Qd7 32. Qd1 Rc3 33. Ba4 b5 34. Bb3 d3 35. Qd2 Rxb3 36. Rc1 Rb2 37. Qf4 Qd4+ 38. Qxd4 Bxd4+ 39. Kf1 Bd5 40. Bf4 Kg7 41. Rd1 Bb3 0-1

[Event "Charlesbourg Olympiade"]
[Site "Charlesbourg CAN"]
[Date "2013.11.11"]
[Round "1"]
[White "Bahadi, Khalid"]
[Black "Tremblay-Alix, Eric"]
[Result "0-1"]
[WhiteElo "1959"]
[BlackElo "1853"]
[PlyCount "78"]
[GameId "2160767909216533"]
[EventDate "2013.11.11"]
[EventType "swiss"]
[EventRounds "6"]
[EventCountry "CAN"]
[SourceTitle "EXT 2022"]
[Source "ChessBase"]
[SourceDate "2021.10.06"]
[SourceVersion "1"]
[SourceVersionDate "2021.10.06"]
[SourceQuality "1"]

1. e4 e5 2. Nf3 Nf6 3. Nc3 Bc5 4. Bc4 Nc6 5. O-O d6 6. h3 Be6 7. Bxe6 fxe6 8. d3 a6 9. Kh1 Qd7 10. a3 Ba7 11. b4 Nd4 12. Nh4 O-O-O 13. a4 Rdg8 14. f4 exf4 15. Bxf4 e5 16. Bg5 h6 17. Bxf6 gxf6 18. Nd5 Rg3 19. Kh2 Qg7 20. Nxf6 Qg5 21. Qh5 Qxh5 22. Nxh5 Rg5 23. g4 Nxc2 24. Rab1 Ne3 25. Rf7 Nxg4+ 26. hxg4 Rxg4 27. Nf5 Rd8 28. Nf6 Rf4 29. Rc1 c6 30. b5 axb5 31. axb5 Bc5 32. Ne7+ Kb8 33. bxc6 Rf2+ 34. Kg3 Rb2 35. Nd7+ Kc7 36. Nxc5 dxc5 37. cxb7 Rxd3+ 38. Kg4 Rg2+ 39. Kf5 Rg5+ 0-1

[Event "Charlesbourg Olympiade"]
[Site "Charlesbourg CAN"]
[Date "2013.11.11"]
[Round "1"]
[White "Drolet, Stephane"]
[Black "Lessard, Claude"]
[Result "1-0"]
[WhiteElo "2147"]
[BlackElo "2045"]
[PlyCount "93"]
[GameId "2160767909216534"]
[EventDate "2013.11.11"]
[EventType "swiss"]
[EventRounds "6"]
[EventCountry "CAN"]
[SourceTitle "EXT 2022"]
[Source "ChessBase"]
[SourceDate "2021.10.06"]
[SourceVersion "1"]
[SourceVersionDate "2021.10.06"]
[SourceQuality "1"]

1. d4 Nf6 2. Nf3 g6 3. Bg5 Ne4 4. Bf4 c5 5. Nbd2 d5 6. c3 cxd4 7. Nxd4 Bg7 8. Nxe4 dxe4 9. Nb3 Qxd1+ 10. Rxd1 Nc6 11. g3 e5 12. Be3 b6 13. Bg2 f5 14. O-O O-O 15. Rd6 Bb7 16. Rfd1 Rac8 17. Rd7 Ba6 18. Bf1 f4 19. Bc1 Bc4 20. e3 Be6 21. R7d6 Bg4 22. Re1 fxg3 23. hxg3 Rfd8 24. Rxd8+ Rxd8 25. Nd2 Bf5 26. Bg2 Na5 27. Nxe4 Nc4 28. b3 Na5 29. c4 Bf8 30. Nf6+ Kf7 31. Nd5 Nb7 32. e4 Be6 33. Rd1 Rc8 34. Bb2 Bd6 35. Nc3 a6 36. Bf1 Bg4 37. Rc1 Bc5 38. Nd5 Ke6 39. Kg2 Rf8 40. f4 exf4 41. gxf4 a5 42. Kg3 h5 43. a3 Rc8 44. b4 Bf8 45. Nxb6 Rd8 46. Nd5 Bh6 47. c5 1-0

[Event "Charlesbourg Olympiade"]
[Site "Charlesbourg CAN"]
[Date "2013.11.11"]
[Round "1"]
[White "Lamontagne, Danny"]
[Black "Garneau, Benoit"]
[Result "0-1"]
[WhiteElo "2019"]
[BlackElo "1940"]
[PlyCount "52"]
[GameId "2160767909216535"]
[EventDate "2013.11.11"]
[EventType "swiss"]
[EventRounds "6"]
[EventCountry "CAN"]
[SourceTitle "EXT 2022"]
[Source "ChessBase"]
[SourceDate "2021.10.06"]
[SourceVersion "1"]
[SourceVersionDate "2021.10.06"]
[SourceQuality "1"]

1. e4 e6 2. d4 d5 3. Nc3 dxe4 4. Nxe4 Nf6 5. Nxf6+ gxf6 6. Nf3 c5 7. Be3 Qb6 8. dxc5 Bxc5 9. Bxc5 Qxc5 10. Qd2 Nc6 11. O-O-O Ke7 12. Bd3 Rd8 13. a3 a5 14. Qh6 b5 15. Be4 Bb7 16. Rxd8 Rxd8 17. Qxh7 Qxf2 18. Bg6 Ne5 19. Nxe5 fxe5 20. Bd3 Bxg2 21. Rd1 e4 22. Qh6 exd3 23. Qg5+ f6 24. Qg7+ Kd6 25. Rxd3+ Bd5 26. Qb7 Qe1+ 0-1

[Event "Charlesbourg Olympiade"]
[Site "Charlesbourg CAN"]
[Date "2013.11.11"]
[Round "1"]
[White "Tremblay, Rejean"]
[Black "Marquis, Paul"]
[Result "1-0"]
[WhiteElo "2143"]
[BlackElo "2061"]
[PlyCount "77"]
[GameId "2160767909216536"]
[EventDate "2013.11.11"]
[EventType "swiss"]
[EventRounds "6"]
[EventCountry "CAN"]
[SourceTitle "EXT 2022"]
[Source "ChessBase"]
[SourceDate "2021.10.06"]
[SourceVersion "1"]
[SourceVersionDate "2021.10.06"]
[SourceQuality "1"]

1. d4 Nf6 2. c4 g6 3. Nc3 Bg7 4. e4 d6 5. Be2 O-O 6. Nf3 e5 7. O-O Na6 8. Re1 exd4 9. Nxd4 Nc5 10. f3 c6 11. Be3 Re8 12. Bf1 Ne6 13. Qd2 Nxd4 14. Bxd4 Be6 15. Rad1 Qc7 16. Kh1 Red8 17. Rc1 Qd7 18. Red1 Ne8 19. Bf2 f5 20. b3 h6 21. a4 Kh7 22. Bg3 Be5 23. exf5 Bxf5 24. Bxe5 dxe5 25. Qe3 Qe7 26. Rxd8 Rxd8 27. Qxa7 Qa3 28. Qe3 Qxb3 29. g4 Be6 30. Rb1 Qc2 31. Rxb7+ Rd7 32. Rxd7+ Bxd7 33. Qxe5 Qf2 34. Bg2 Ng7 35. h3 Qb2 36. f4 h5 37. Ne4 Qxe5 38. fxe5 Ne8 39. Nc5 1-0